• 首页
  • 本馆介绍
  • 公告通知
  • 最新文献
  • 馆藏检索
  • 电子资源
  • 读者荐购
  • 参考咨询
  • CALIS
  • 我的图书馆
  • 登录
  • 详细信息显示
  • 放入我的书架
  • 预约/预借图书
  • 作者相关作品
  • 分类相关作品
  • 丛书相关作品
  • 出版社相关作品

书目信息

  • 表格格式
  • 工作单格式
  • 卡片格式
题名:
美式橄榄球入门宝典
    
 
作者: 莫争春 主编
分册:  
出版信息: 北京   人民体育出版社  2008.01
页数: 256页, [6] 页图版
开本: 21cm
丛书名:
单 册:
中图分类: G849.2
科图分类:
主题词: 橄榄球运动--gan lan qiu yun dong--基本知识
电子资源:
ISBN: 978-7-5009-3239-0
 
 
 
 
 
000 00813nam0 2200229 450
001 012008062897
005 20080515171748.78
010    @a978-7-5009-3239-0@dCNY19.00
100    @a20080515d2008 em y0chiy0120 ea
101 0  @achi
102    @aCN@b110000
105    @aaf z 000yy
106    @ar
200 1  @a美式橄榄球入门宝典@Amei shi gan lan qiu ru men bao dian@f莫争春主编@Fmo zheng chun zhu bian
210    @a北京@c人民体育出版社@d2008.01
215    @a256页, [6] 页图版@c图@d21cm
330    @a本书比较全面地价介绍了美式职业橄榄球的发展历史、基本规则等内容,共有六章内容,包括:魅力无限:雄踞美国职业体育榜首等。
606 0  @a橄榄球运动@Agan lan qiu yun dong@x基本知识
690    @aG849.2@v4
701  0 @a莫争春@Amo zheng chun@4主编
801  0 @aCN@bQSSK@c20080515
905    @b712701-03@dG849.2@eM890@f3
    
    美式橄榄球入门宝典/莫争春主编.-北京:人民体育出版社,2008.01
    256页, [6] 页图版:图;21cm
    
    
    ISBN 978-7-5009-3239-0:CNY19.00
    本书比较全面地价介绍了美式职业橄榄球的发展历史、基本规则等内容,共有六章内容,包括:魅力无限:雄踞美国职业体育榜首等。
●
相关链接 在E读中查询图书 在当当中查询图书 在豆瓣中查询图书


正题名:美式橄榄球入门宝典     索取号:G849.2/M890         预约/预借

序号 登录号 条形码 馆藏地/架位号 状态 备注
1 712701   207127018   社科库409/409社科库 24排2列5层/ [索取号:G849.2/M890] 在馆    
2 712702   207127027   社科库409/409社科库 24排2列5层/ [索取号:G849.2/M890] 在馆    
3 712703   207127036   社科库409/409社科库 24排2列5层/ [索取号:G849.2/M890] 在馆    
河南城建学院图书馆 欢迎您!
大连网信软件有限公司© 版权所有